| 000 | 01747cam a2200313 a 4500 | ||
|---|---|---|---|
| 001 | 6206 | ||
| 003 | FISKH | ||
| 005 | 20250328101305.0 | ||
| 008 | 090831s2010 nyua 000 1 eng | ||
| 010 | _a 2009035066 | ||
| 020 | _a9780307454706 (pbk.) | ||
| 020 | _a9780349121147 | ||
| 040 |
_aDLC _cDLC _dDLC _beng |
||
| 050 | _aPR6063.C326 U53 | ||
| 082 | _a823.914 | ||
| 100 | 1 |
_aMcCall Smith, Alexander, _d1948- |
|
| 245 | 1 | 4 |
_aThe unbearable lightness of scones / _cAlexander McCall Smith ; Illustrations by Iain Mcintosh |
| 250 | _aThis edition published in 2011 | ||
| 260 |
_aNew York : _bAbacus, _c2008. |
||
| 300 |
_a328 pages : _billustrations ; _c20 cm |
||
| 520 | _aThe Unbearable Lightness of Scones, finds Bertie, the precocious six-year-old, still troubled by his rather overbearing mother, Irene, but seeking his escape in the Cub Scouts. Matthew is rising to the challenge of married life with newfound strength and resolve, while Domenica epitomizes the loneliness of the long-distance intellectual. Cyril, the gold-toothed star of the whole show, succumbs to the kind of romantic temptation that no dog can resist and creates a small problem, or rather six of them, for his friend and owner Angus Lordies. With his customary deftness, Alexander McCall Smith once again brings us an absorbing and entertaining tale of some of Scotland's most quirky and beloved characters all set in the beautiful, stoic city of Edinburgh | ||
| 650 | 0 |
_aApartment houses _vFiction. |
|
| 650 | 0 |
_aEdinburgh (Scotland) _xSocial life and customs _vFiction. |
|
| 655 | 7 |
_aHumorous fiction. _2gsafd |
|
| 700 |
_aMcintosh, Iain _eillustrator |
||
| 906 |
_a7 _bcbc _corignew _d1 _eecip _f20 _gy-gencatlg |
||
| 942 |
_2ddc _cBK _n0 |
||
| 999 |
_c6206 _d6206 |
||